| Tag |
First Indicator |
Second Indicator |
Subfields |
| LEADER |
00000cam a22000004a 4500 |
| 001 |
in00001561621 |
| 005 |
20151022074523.0 |
| 008 |
991109s2000 nyu 001 0 eng |
| 010 |
|
|
|a 99058212
|
| 020 |
|
|
|a 0306809532 (pbk.)
|
| 035 |
|
|
|a (OCoLC)ocm42888082
|
| 040 |
|
|
|a DLC
|c DLC
|d C#P
|d TXA
|d UtOrBLW
|
| 042 |
|
|
|a pcc
|
| 049 |
|
|
|a TXAM
|
| 050 |
0 |
0 |
|a ML3534
|b .M485 2000
|
| 082 |
0 |
0 |
|a 781.66
|2 21
|
| 100 |
1 |
|
|a Meltzer, Richard.
|
| 245 |
1 |
2 |
|a A whore just like the rest :
|b the music writings of Richard Meltzer.
|
| 264 |
|
1 |
|a [New York] :
|b Da Capo Press,
|c [2000]
|
| 264 |
|
4 |
|c ©2000
|
| 300 |
|
|
|a xii, 591 pages ;
|c 23 cm.
|
| 336 |
|
|
|a text
|b txt
|2 rdacontent
|
| 337 |
|
|
|a unmediated
|b n
|2 rdamedia
|
| 338 |
|
|
|a volume
|b nc
|2 rdacarrier
|
| 500 |
|
|
|a Includes index.
|
| 650 |
|
0 |
|a Rock music
|x History and criticism.
|
| 948 |
|
|
|a cataloged
|b h
|c 2000/10/11
|d c
|e eneff
|f 9:05:58 am
|
| 994 |
|
|
|a E0
|b TXA
|
| 999 |
|
|
|a MARS
|
| 999 |
f |
f |
|s 11340173-e573-32a0-b8eb-c8e28cb4c5f3
|i 53143938-f2d1-368e-a2cc-cd38326b2067
|t 0
|
| 952 |
f |
f |
|p normal
|a Texas A&M University
|b College Station
|c Sterling C. Evans Library
|d Evans: Library Stacks
|t 0
|e ML3534 .M485 2000
|h Library of Congress classification
|i unmediated -- volume
|m A14826854521
|
| 998 |
f |
f |
|a ML3534 .M485 2000
|t 0
|l Evans: Library Stacks
|